000 00597nam a2200169Ia 4500
005 20260603120909.0
008 260603s9999||||xx |||||||||||||| ||und||
020 _a8173320470
020 _qhb
082 _a891.44
_bCHA
100 _aচট্টোপাধ্যায়, শরৎচন্দ্র = Chattopadhyay, Sarat chandra
245 0 _aবিজয়া = Bijaya [in Bengali]
260 _aকলকাতা = Kolkata
_bপুনশ্চ প্রকাশনা = Punascha Publications
_c1992
300 _a72p. ; 22cm.
653 _aBengali Language--Literature
942 _cBK
999 _c57087
_d57087